Jedinečné šteniatka v Košiciach pomáhajú chorým deťom canisterapewutka Dagmar Szotáková má na svojom dvore na Pereši čiernobielu svorku chlpáčov-

Bibliographic Details
Main Author: Luxová, Michaela (Author)
Format: Article
Language:Slovak
PhysicalDescription:Fotografie
ISSN:1339-7605
Subjects:
Online Access:https://kosicednes.sk/udalosti/jedinecne-steniatka-v-kosiciach-pomahaju-chorym-detom/

MARC

LEADER 00000nab a2200000u 4500
001 vtls011772770
003 SK-MaSNL
005 20260304001953.0
008 180816|20180809xo ||||||| ||00 ||slo|
038 |a KEVKJB 
040 |a KEVKJB  |b slo  |e rda 
041 0 |a slo 
043 |a e-xo--- 
044 |a xo  |c SK 
072 7 |a 636  |x Chov zvierat. Živočíšna výroba  |2 konspekt 
080 |a 636.7  |2 2011 
100 1 |a Luxová, Michaela  |4 aut  |9 1087595 
245 1 0 |a Jedinečné šteniatka v Košiciach pomáhajú chorým deťom  |b canisterapewutka Dagmar Szotáková má na svojom dvore na Pereši čiernobielu svorku chlpáčov-  |c Michaela Luxová 
300 |b Fotografie 
336 |a text  |b txt  |2 rdacontent 
337 |a bez média  |b n  |2 rdamedia 
338 |a zväzok  |b nc  |2 rdacarrier 
600 1 7 |a Szotáková, Dagmar  |2 kevkjb  |9 1099507 
650 0 7 |a pudle  |2 kevkjb  |9 1099508 
650 0 7 |a psy  |2 kevkjb  |9 1288 
650 0 7 |a canisterapia  |2 kevkjb  |9 18456 
651 7 |a Košice (Slovensko)  |2 kevkjb  |9 18694 
651 7 |a Pereš (Košice II, Slovensko)  |2 kevkjb  |9 29676 
773 0 |t KOŠICE:DNES  |g Roč. 5, č. 153 (9.8.2018), s. 8-9  |x 1339-7605 
852 |a KEVKJB  |b KIS3GCP 
856 4 1 |u https://kosicednes.sk/udalosti/jedinecne-steniatka-v-kosiciach-pomahaju-chorym-detom/ 
958 |a BX 
999 |c 2539655  |d 2541585